[Event "Kupreichik Memorial Rapid 2019"]
[Site "Minsk"]
[Date "2019.08.17"]
[Round "9.39"]
[White "Patokova, Viktoriya"]
[Black "Kasperovich, Mikhail"]
[Result "1-0"]
[WhiteElo "1503"]
[BlackElo "1324"]
[Annotator "NA"]
[PlyCount "69"]
[EventDate "2019.08.15"]
[EventType "swiss"]
[EventCountry "BLR"]
[SourceTitle "playchess.com"]
[Source "ChessBase"]
[SourceQuality "1"]
[TimeControl "900+10"]

1. e4 {[%emt 0:00:00]} e6 {[%emt 0:00:00]} 2. d4 {[%emt 0:00:00]} d5 {[%emt 0:00:00]} 3. exd5 {[%emt 0:00:01]} exd5 {[%emt 0:00:00]} 4. Nf3 {[%emt 0:00:01]} Nf6 {[%emt 0:00:00]} 5. Bg5 {[%emt 0:00:08]} Bg4 {[%emt 0:00:00]} 6. h3 {[%emt 0:00:10]} Bh5 {[%emt 0:00:01]} 7. Bd3 {[%emt 0:00:08]} Bd6 {[%emt 0:00:03]} 8. O-O {[%emt 0:00:05]} O-O {[%emt 0:00:02]} 9. c4 {[%emt 0:00:13]} dxc4 {[%emt 0:00:11]} 10. Bxc4 {[%emt 0:00:02]} c6 {[%emt 0:00:18]} 11. Nc3 {[%emt 0:00:05]} Nbd7 {[%emt 0:00:09]} 12. a3 {[%emt 0:00:06]} a5 {[%emt 0:00:08]} 13. Qd3 {[%emt 0:00:08]} Bg6 {[%emt 0:00:15]} 14. Qd2 {[%emt 0:00:13]} h6 {[%emt 0:00:02]} 15. Bh4 {[%emt 0:00:13]} Qc7 {[%emt 0:00:10]} 16. Rfe1 {[%emt 0:00:14]} Bf4 {[%emt 0:00:07]} 17. Qe2 {[%emt 0:00:28]} Rfe8 {[%emt 0:00:04]} 18. Qf1 {[%emt 0:00:02]} Ne4 {[%emt 0:03:05]} 19. Bd3 {[%emt 0:01:19]} Nd2 {[%emt 0:04:46]} 20. Nxd2 {[%emt 0:00:16]} Bxd2 {[%emt 0:00:02]} 21. Rxe8+ {[%emt 0:00:13]} Rxe8 {[%emt 0:00:02]} 22. Bxg6 {[%emt 0:00:05]} fxg6 {[%emt 0:00:12]} 23. Qd3 {[%emt 0:00:38]} Bf4 {[%emt 0:01:03]} 24. Qxg6 {[%emt 0:00:20]} Rf8 {[%emt 0:00:17]} 25. Ne4 {[%emt 0:00:55]} Kh8 {[%emt 0:01:07]} 26. Re1 {[%emt 0:01:09]} Qc8 {[%emt 0:03:46]} 27. Nd6 {[%emt 0:02:34]} Bxd6 {[%emt 0:00:13]} 28. Qxd6 {[%emt 0:00:03]} Nb6 {[%emt 0:00:23]} 29. Re7 {[%emt 0:01:10]} Nd5 {[%emt 0:00:07]} 30. Re6 {[%emt 0:00:38]} Nf4 {[%emt 0:00:27]} 31. Re7 {[%emt 0:01:09]} Nd5 {[%emt 0:01:03]} 32. Rd7 {[%emt 0:01:25]} Nb6 {[%emt 0:00:54]} 33. Rc7 {[%emt 0:01:18]} Qb8 {[%emt 0:00:51]} 34. Qe7 {[%emt 0:00:14]} Nd5 {[%emt 0:00:02]} 35. Qxg7# 1-0

[Event "Kupreichik Memorial Rapid 2019"]
[Site "Minsk"]
[Date "2019.08.17"]
[Round "9.40"]
[White "Lavrishchev, Matvei"]
[Black "Karmishyn, Vadzim"]
[Result "0-1"]
[WhiteElo "1175"]
[BlackElo "1494"]
[Annotator "NA"]
[PlyCount "41"]
[EventDate "2019.08.15"]
[EventType "swiss"]
[EventCountry "BLR"]
[SourceTitle "playchess.com"]
[Source "ChessBase"]
[SourceQuality "1"]
[TimeControl "900+10"]

1. e4 {[%emt 0:00:00]} d6 {[%emt 0:00:00]} 2. d4 {[%emt 0:00:00]} Nf6 {[%emt 0:00:02]} 3. Nc3 {[%emt 0:00:00]} g6 {[%emt 0:00:01]} 4. f4 Bg7 {[%emt 0:00:10]} 5. Nf3 {[%emt 0:00:00]} O-O {[%emt 0:00:02]} 6. Be2 {[%emt 0:00:08]} c5 {[%emt 0:01:13]} 7. d5 {[%emt 0:00:03]} Nbd7 {[%emt 0:00:19]} 8. Be3 {[%emt 0:00:04]} Ng4 {[%emt 0:00:12]} 9. Bg1 {[%emt 0:00:28]} Qa5 {[%emt 0:00:39]} 10. h3 {[%emt 0:00:11]} Bxc3+ {[%emt 0:00:12]} 11. bxc3 {[%emt 0:00:07]} Qxc3+ {[%emt 0:00:02]} 12. Nd2 {[%emt 0:00:06]} Qg3+ {[%emt 0:00:23]} 13. Kf1 {[%emt 0:00:22]} Qxf4+ {[%emt 0:00:56]} 14. Nf3 {[%emt 0:00:00]} Ngf6 {[%emt 0:00:20]} 15. Bd3 {[%emt 0:00:19]} Nxe4 {[%emt 0:01:40]} 16. Bh2 {[%emt 0:00:16]} Ng3+ {[%emt 0:00:03]} 17. Bxg3 {[%emt 0:00:01]} Qxg3 {[%emt 0:00:02]} 18. c4 {[%emt 0:00:41]} Nf6 {[%emt 0:00:46]} 19. Qd2 {[%emt 0:00:54]} e6 {[%emt 0:01:09]} 20. dxe6 {[%emt 0:00:04]} fxe6 {[%emt 0:00:10]} 21. Qf2 {[%emt 0:00:16]} 0-1

[Event "Kupreichik Memorial Rapid 2019"]
[Site "Minsk"]
[Date "2019.08.17"]
[Round "10.1"]
[White "Zhigalko, Sergei"]
[Black "Tsaruk, Maksim"]
[Result "1/2-1/2"]
[WhiteElo "2574"]
[BlackElo "2230"]
[Annotator "ChessBase"]
[PlyCount "68"]
[EventDate "2019.08.15"]
[EventType "swiss"]
[EventCountry "BLR"]
[SourceTitle "playchess.com"]
[Source "ChessBase"]
[SourceQuality "1"]
[TimeControl "900+10"]

1. e4 {[%emt 0:00:00]} e6 {[%emt 0:00:00]} 2. d4 {[%emt 0:00:00]} d5 {[%emt 0:00:00]} 3. e5 {[%emt 0:00:00]} c5 {[%emt 0:00:06]} 4. c3 {[%emt 0:00:00]} Qb6 {[%emt 0:00:06]} 5. Nf3 {[%emt 0:00:00]} Nc6 {[%emt 0:00:15]} 6. a3 {[%emt 0:00:00]} c4 {[%emt 0:00:06]} 7. Nbd2 {[%emt 0:00:00]} Na5 {[%emt 0:00:04]} 8. Be2 {[%emt 0:00:00]} Bd7 {[%emt 0:00:06]} 9. O-O {[%emt 0:00:02]} Ne7 {[%emt 0:00:10]} 10. Rb1 {[%emt 0:00:09]} Qc7 {[%emt 0:01:09]} 11. h4 {[%emt 0:00:07]} Nc8 {[%emt 0:00:02]} 12. h5 {[%emt 0:00:18]} h6 {[%emt 0:00:09]} 13. Qe1 {[%emt 0:00:37]} Nb6 {[%emt 0:00:03]} 14. Bd1 {[%emt 0:00:01]} Be7 {[%emt 0:00:24]} 15. Nh2 {[%emt 0:00:20]} O-O-O {[%emt 0:01:30]} 16. f4 {[%emt 0:00:27]} Rdg8 {[%emt 0:04:51]} 17. Bc2 {[%emt 0:00:06]} g6 {[%emt 0:00:08]} 18. Qd1 {[%emt 0:00:35]} Qd8 {[%emt 0:00:31]} 19. Kh1 {[%emt 0:02:55]} Qe8 {[%emt 0:00:01]} 20. Rf3 {[%emt 0:00:37]} Ba4 {[%emt 0:00:14]} 21. Rh3 {[%emt 0:00:10]} Bxc2 {[%emt 0:01:58]} 22. Qxc2 {[%emt 0:00:01]} Qa4 {[%emt 0:00:01]} 23. Qxa4 {[%emt 0:00:33]} Nxa4 {[%emt 0:00:02]} 24. g4 {[%emt 0:04:51]} b5 {[%emt 0:01:01]} 25. Ndf1 {[%emt 0:00:50]} Nb3 {[%emt 0:00:21]} 26. Bd2 {[%emt 0:02:21]} Kd7 {[%emt 0:01:22]} 27. Be1 {[%emt 0:00:08]} a5 {[%emt 0:00:01]} 28. Ne3 {[%emt 0:00:42]} g5 {[%emt 0:01:38]} 29. Rf3 {[%emt 0:00:16]} gxf4 {[%emt 0:00:26]} 30. Rxf4 {[%emt 0:00:05]} Rh7 {[%emt 0:00:52]} 31. Nf3 {[%emt 0:00:22]} b4 {[%emt 0:00:03]} 32. cxb4 {[%emt 0:00:33]} axb4 {[%emt 0:00:02]} 33. Bxb4 {[%emt 0:00:08]} Bxb4 34. axb4 {[%emt 0:00:02]} Rb8 {[%emt 0:01:23]} 1/2-1/2

[Event "Kupreichik Memorial Rapid 2019"]
[Site "Minsk"]
[Date "2019.08.17"]
[Round "10.2"]
[White "Vaganian, Rafael A"]
[Black "Tiviakov, Sergei"]
[Result "1/2-1/2"]
[WhiteElo "2514"]
[BlackElo "2611"]
[Annotator "TA"]
[PlyCount "62"]
[EventDate "2019.08.15"]
[EventType "swiss"]
[EventCountry "BLR"]
[SourceTitle "playchess.com"]
[Source "ChessBase"]
[SourceQuality "1"]

{[%evp 19,62,0,5,0,0,-3,0,0,7,10,20,19,16,14,24,24,31,34,29,20,48,24,41,0,54,60,64,43,37,45,41,37,58,25,18,10,31,0,0,-8,0,-12,0,0,16]} 1. d4 Nf6 2. Nf3 e6 3. e3 b6 4. Bd3 Bb7 5. O-O d5 6. b3 Bd6 7. Bb2 Nbd7 8. Ne5 O-O 9. Qe2 Qe7 10. c4 c5 11. Nxd7 {E14: Queen's Indian: Classical Variation (4 e3)} Nxd7 12. cxd5 exd5 13. Nd2 Nf6 {[#]} (13... cxd4 {keeps more tension.} 14. Bxd4 Nc5 15. Rfd1 Nxd3 16. Qxd3 Rac8) 14. Rfd1 $146 ({Predecessor:} 14. Ba6 Ne4 15. Bxb7 Qxb7 16. dxc5 Nxd2 17. Qxd2 bxc5 18. Rfd1 Rfd8 {1-0 (34) Koneru,H (2581)-Ju,W (2557) Chengdu 2015}) 14... Rfd8 15. Nf1 Ne4 16. Ng3 Nxg3 17. hxg3 Qe6 18. Rac1 Bf8 19. Rc2 Rac8 20. Rdc1 Rc7 21. Qf3 g6 (21... c4 $11) 22. dxc5 $14 bxc5 23. Qf6 Qxf6 24. Bxf6 Rdc8 25. Be2 Bg7 26. Bxg7 (26. Bd4 {is interesting.} Bf8 27. Be5 Rc6 28. Rd1 Rd8 29. g4) 26... Kxg7 27. Bf3 a5 28. a4 h5 {The position is equal.} 29. Rd2 Rd8 30. Rcd1 {[%cal Rf3d5]} Rcd7 31. Rc1 Rc7 {Accuracy: White = 48%, Black = 30%.} 1/2-1/2

[Event "Kupreichik Memorial Rapid 2019"]
[Site "Minsk"]
[Date "2019.08.17"]
[Round "10.3"]
[White "Sveshnikov, Evgeny"]
[Black "Lazavik, Denis"]
[Result "1/2-1/2"]
[WhiteElo "2483"]
[BlackElo "2347"]
[Annotator "ChessBase"]
[PlyCount "153"]
[EventDate "2019.08.15"]
[EventType "swiss"]
[EventCountry "BLR"]
[SourceTitle "playchess.com"]
[Source "ChessBase"]
[SourceQuality "1"]
[TimeControl "900+10"]

1. e4 {[%emt 0:00:00]} e5 {[%emt 0:00:00]} 2. Nc3 {[%emt 0:00:00]} Nf6 {[%emt 0:00:00]} 3. f4 {[%emt 0:00:00]} d5 {[%emt 0:00:03]} 4. fxe5 {[%emt 0:00:00]} Nxe4 {[%emt 0:00:04]} 5. Qf3 {[%emt 0:00:00]} f5 {[%emt 0:00:05]} 6. d3 {[%emt 0:00:07]} Nxc3 7. bxc3 {[%emt 0:00:02]} d4 {[%emt 0:00:12]} 8. Qg3 {[%emt 0:00:21]} Nc6 {[%emt 0:00:47]} 9. Be2 {[%emt 0:00:06]} Be6 {[%emt 0:00:58]} 10. Nf3 {[%emt 0:01:01]} Qd7 {[%emt 0:00:58]} 11. c4 {[%emt 0:00:39]} Bb4+ {[%emt 0:00:24]} 12. Bd2 {[%emt 0:00:04]} O-O-O {[%emt 0:00:07]} 13. O-O {[%emt 0:00:47]} h6 {[%emt 0:01:05]} 14. Rab1 {[%emt 0:01:26]} Be7 {[%emt 0:00:30]} 15. Rb5 {[%emt 0:03:00]} g5 {[%emt 0:00:20]} 16. Rfb1 {[%emt 0:00:04]} b6 {[%emt 0:00:04]} 17. c3 {[%emt 0:00:45]} a6 {[%emt 0:01:28]} 18. Rd5 {[%emt 0:02:02]} Bxd5 {[%emt 0:00:12]} 19. cxd5 {[%emt 0:00:01]} Qxd5 {[%emt 0:00:08]} 20. c4 {[%emt 0:00:33]} Qe6 {[%emt 0:00:12]} 21. Bd1 {[%emt 0:01:17]} f4 {[%emt 0:00:17]} 22. Qe1 {[%emt 0:00:35]} g4 {[%emt 0:00:59]} 23. Bxf4 {[%emt 0:01:47]} Rhf8 {[%emt 0:01:27]} 24. Bg3 {[%emt 0:00:17]} gxf3 {[%emt 0:00:11]} 25. Bxf3 {[%emt 0:00:02]} Rxf3 {[%emt 0:00:12]} 26. gxf3 {[%emt 0:00:02]} h5 {[%emt 0:00:06]} 27. Qe4 {[%emt 0:00:46]} h4 {[%emt 0:00:18]} 28. Bf4 {[%emt 0:00:20]} Rf8 {[%emt 0:00:58]} 29. Kf2 {[%emt 0:01:39]} Kb7 {[%emt 0:00:19]} 30. Rg1 {[%emt 0:00:02]} Qf5 {[%emt 0:00:31]} 31. Rg4 {[%emt 0:00:07]} Qxe4 {[%emt 0:00:13]} 32. dxe4 {[%emt 0:00:02]} d3 {[%emt 0:00:13]} 33. Ke3 {[%emt 0:00:29]} Rd8 {[%emt 0:00:03]} 34. Kd2 {[%emt 0:00:09]} Bb4+ {[%emt 0:00:06]} 35. Kd1 {[%emt 0:00:02]} Nd4 {[%emt 0:00:45]} 36. Bg5 {[%emt 0:00:58]} Ra8 {[%emt 0:00:21]} 37. f4 {[%emt 0:00:08]} b5 {[%emt 0:00:02]} 38. c5 {[%emt 0:00:13]} Bxc5 {[%emt 0:00:43]} 39. Bxh4 {[%emt 0:00:26]} Nf3 40. Bg3 Rd8 {[%emt 0:00:56]} 41. f5 {[%emt 0:00:28]} Rd4 {[%emt 0:00:14]} 42. Rf4 {[%emt 0:00:08]} Nxe5 {[%emt 0:00:02]} 43. Bf2 {[%emt 0:00:04]} Rc4 {[%emt 0:00:02]} 44. Bxc5 {[%emt 0:00:04]} Rxc5 {[%emt 0:00:02]} 45. h4 {[%emt 0:00:02]} Rc6 {[%emt 0:00:24]} 46. f6 {[%emt 0:00:03]} Nf7 {[%emt 0:00:05]} 47. Kd2 {[%emt 0:00:15]} Rc2+ {[%emt 0:00:19]} 48. Kxd3 {[%emt 0:00:01]} Rxa2 {[%emt 0:00:01]} 49. Rf5 {[%emt 0:00:10]} Kc6 {[%emt 0:00:16]} 50. Ke3 {[%emt 0:00:21]} Kd6 {[%emt 0:00:09]} 51. h5 {[%emt 0:00:11]} Ke6 {[%emt 0:00:05]} 52. Rc5 {[%emt 0:00:01]} Kxf6 {[%emt 0:00:11]} 53. Rxc7 {[%emt 0:00:04]} Ne5 {[%emt 0:00:21]} 54. Rb7 {[%emt 0:00:09]} Kg5 {[%emt 0:00:17]} 55. Kd4 {[%emt 0:00:07]} Nf3+ {[%emt 0:00:02]} 56. Kd5 {[%emt 0:00:09]} Kxh5 {[%emt 0:00:14]} 57. e5 {[%emt 0:00:08]} Ng5 {[%emt 0:00:10]} 58. Rb6 {[%emt 0:00:12]} Ra4 {[%emt 0:02:24]} 59. Rb8 {[%emt 0:00:21]} Kg4 {[%emt 0:00:22]} 60. Rg8 {[%emt 0:00:09]} Ra1 {[%emt 0:00:26]} 61. Ra8 {[%emt 0:00:54]} Kf4 {[%emt 0:00:32]} 62. Rf8+ {[%emt 0:00:02]} Kg4 {[%emt 0:00:37]} 63. Rb8 {[%emt 0:00:12]} Rd1+ {[%emt 0:00:13]} 64. Kc6 {[%emt 0:00:04]} Kf5 {[%emt 0:00:02]} 65. Rf8+ {[%emt 0:00:13]} Kxe5 {[%emt 0:00:04]} 66. Re8+ {[%emt 0:00:03]} Ne6 {[%emt 0:00:02]} 67. Kb6 {[%emt 0:00:01]} Rd6+ {[%emt 0:00:03]} 68. Ka5 {[%emt 0:00:01]} Kd5 {[%emt 0:00:03]} 69. Rc8 {[%emt 0:00:04]} Nc5 {[%emt 0:00:40]} 70. Rxc5+ {[%emt 0:00:03]} Kd4 {[%emt 0:00:16]} 71. Rc1 {[%emt 0:00:03]} Rd5 {[%emt 0:00:16]} 72. Rc6 {[%emt 0:00:11]} Rc5 {[%emt 0:00:24]} 73. Rxa6 {[%emt 0:00:11]} Kc3 {[%emt 0:00:10]} 74. Rh6 {[%emt 0:00:10]} b4+ {[%emt 0:00:07]} 75. Ka4 {[%emt 0:00:00]} b3 {[%emt 0:00:07]} 76. Rh3+ {[%emt 0:00:02]} Kc4 {[%emt 0:00:01]} 77. Rxb3 {[%emt 0:00:10]} 1/2-1/2

[Event "Kupreichik Memorial Rapid 2019"]
[Site "Minsk"]
[Date "2019.08.17"]
[Round "10.4"]
[White "Balashov, Yuri S"]
[Black "Pakhomov, Alexey"]
[Result "1-0"]
[WhiteElo "2474"]
[BlackElo "2315"]
[Annotator "ChessBase"]
[PlyCount "117"]
[EventDate "2019.08.15"]
[EventType "swiss"]
[EventCountry "BLR"]
[SourceTitle "playchess.com"]
[Source "ChessBase"]
[SourceQuality "1"]
[TimeControl "900+10"]

1. Nf3 {[%emt 0:00:00]} d5 {[%emt 0:00:00]} 2. d4 {[%emt 0:00:00]} c6 {[%emt 0:00:16]} 3. e3 {[%emt 0:00:09]} e6 {[%emt 0:00:03]} 4. c4 {[%emt 0:00:02]} f5 {[%emt 0:00:01]} 5. Nc3 {[%emt 0:00:02]} Nf6 {[%emt 0:00:00]} 6. Bd3 {[%emt 0:00:03]} Bd6 {[%emt 0:00:01]} 7. O-O {[%emt 0:00:03]} O-O {[%emt 0:00:11]} 8. b3 {[%emt 0:00:02]} Ne4 {[%emt 0:00:09]} 9. Bb2 {[%emt 0:00:02]} Nd7 {[%emt 0:00:17]} 10. Rc1 {[%emt 0:00:03]} Rf6 {[%emt 0:00:09]} 11. Ne2 {[%emt 0:00:03]} Rh6 {[%emt 0:00:09]} 12. Ne5 {[%emt 0:00:48]} Qh4 {[%emt 0:07:30]} 13. h3 {[%emt 0:00:02]} Nxe5 {[%emt 0:00:52]} 14. dxe5 {[%emt 0:00:02]} Be7 {[%emt 0:00:43]} 15. Qe1 {[%emt 0:01:46]} Ng5 {[%emt 0:00:53]} 16. Nf4 {[%emt 0:01:55]} Nf3+ 17. gxf3 {[%emt 0:00:04]} g5 {[%emt 0:01:09]} 18. Kh2 {[%emt 0:00:25]} gxf4 {[%emt 0:00:37]} 19. Rg1+ {[%emt 0:00:01]} Kf7 {[%emt 0:00:28]} 20. Bf1 {[%emt 0:00:04]} Bd7 {[%emt 0:00:50]} 21. Rd1 {[%emt 0:03:00]} Rg8 {[%emt 0:00:10]} 22. Rxg8 {[%emt 0:01:55]} Kxg8 {[%emt 0:00:01]} 23. Bc1 {[%emt 0:00:37]} Bg5 {[%emt 0:01:28]} 24. cxd5 {[%emt 0:00:52]} cxd5 {[%emt 0:00:02]} 25. Rd4 {[%emt 0:00:08]} Rg6 {[%emt 0:00:09]} 26. exf4 {[%emt 0:00:27]} Be7 {[%emt 0:00:02]} 27. b4 {[%emt 0:00:22]} a6 {[%emt 0:00:23]} 28. Be3 {[%emt 0:00:47]} Qh5 {[%emt 0:00:11]} 29. Qd1 {[%emt 0:01:54]} Bb5 {[%emt 0:00:30]} 30. Bxb5 {[%emt 0:00:09]} axb5 {[%emt 0:00:01]} 31. Rd3 {[%emt 0:00:49]} Kf7 {[%emt 0:00:11]} 32. Bd4 {[%emt 0:00:44]} Rh6 {[%emt 0:00:07]} 33. Qf1 {[%emt 0:00:02]} Qh4 {[%emt 0:00:04]} 34. Be3 {[%emt 0:00:06]} Qh5 {[%emt 0:00:16]} 35. Bd2 {[%emt 0:00:05]} Rg6 {[%emt 0:00:13]} 36. Rc3 {[%emt 0:00:10]} Rh6 {[%emt 0:00:17]} 37. Rc7 {[%emt 0:00:33]} Qxf3 {[%emt 0:00:20]} 38. Qg2 {[%emt 0:00:11]} Qxg2+ {[%emt 0:00:37]} 39. Kxg2 Rg6+ 40. Kf1 {[%emt 0:00:16]} d4 {[%emt 0:00:36]} 41. Rxb7 {[%emt 0:00:04]} Rg8 {[%emt 0:00:02]} 42. Rxb5 {[%emt 0:00:10]} Ra8 {[%emt 0:00:01]} 43. Ra5 {[%emt 0:00:03]} Rb8 {[%emt 0:00:09]} 44. a3 {[%emt 0:00:06]} d3 {[%emt 0:00:02]} 45. Be3 {[%emt 0:00:19]} Rc8 {[%emt 0:00:02]} 46. Bc5 {[%emt 0:00:01]} Bxc5 {[%emt 0:00:17]} 47. Rxc5 {[%emt 0:00:02]} Rd8 {[%emt 0:00:01]} 48. Ke1 {[%emt 0:00:01]} d2+ {[%emt 0:00:01]} 49. Kd1 Rd3 50. a4 {[%emt 0:00:03]} Rd4 {[%emt 0:00:01]} 51. Rb5 {[%emt 0:00:05]} Ke7 {[%emt 0:00:05]} 52. a5 {[%emt 0:00:03]} Kd7 {[%emt 0:00:01]} 53. a6 {[%emt 0:00:05]} Kc6 {[%emt 0:00:03]} 54. a7 {[%emt 0:00:06]} Kxb5 {[%emt 0:00:04]} 55. a8=Q {[%emt 0:00:02]} Kxb4 {[%emt 0:00:01]} 56. Qc8 {[%emt 0:00:11]} Kb3 {[%emt 0:00:09]} 57. Qxe6+ Kc3 58. Qxf5 {[%emt 0:00:07]} Rd3 {[%emt 0:00:03]} 59. Qxd3+ {[%emt 0:00:02]} 1-0

[Event "Kupreichik Memorial Rapid 2019"]
[Site "Minsk"]
[Date "2019.08.17"]
[Round "10.5"]
[White "Paravyan, David"]
[Black "Veremeichik, Vladimir"]
[Result "1-0"]
[WhiteElo "2605"]
[BlackElo "2282"]
[Annotator "ChessBase"]
[PlyCount "83"]
[EventDate "2019.08.15"]
[EventType "swiss"]
[EventCountry "BLR"]
[SourceTitle "playchess.com"]
[Source "ChessBase"]
[SourceQuality "1"]
[TimeControl "900+10"]

1. e4 {[%emt 0:00:00]} c5 {[%emt 0:00:00]} 2. Nf3 {[%emt 0:00:00]} Nc6 {[%emt 0:00:00]} 3. Bb5 {[%emt 0:00:00]} g6 {[%emt 0:00:00]} 4. O-O {[%emt 0:00:00]} Bg7 {[%emt 0:00:00]} 5. Re1 {[%emt 0:00:00]} Nf6 {[%emt 0:00:00]} 6. e5 {[%emt 0:00:00]} Nd5 {[%emt 0:00:00]} 7. Nc3 {[%emt 0:00:00]} Nc7 {[%emt 0:00:00]} 8. Bxc6 {[%emt 0:00:00]} dxc6 {[%emt 0:00:00]} 9. Ne4 {[%emt 0:00:02]} Ne6 {[%emt 0:00:05]} 10. d3 {[%emt 0:00:03]} O-O {[%emt 0:00:04]} 11. Be3 {[%emt 0:00:07]} b6 {[%emt 0:00:01]} 12. Qd2 {[%emt 0:00:11]} f5 {[%emt 0:00:46]} 13. exf6 {[%emt 0:00:06]} exf6 {[%emt 0:00:01]} 14. Bh6 {[%emt 0:00:03]} a5 {[%emt 0:00:17]} 15. Bxg7 {[%emt 0:00:05]} Kxg7 {[%emt 0:00:01]} 16. h4 {[%emt 0:00:07]} Ra7 {[%emt 0:00:14]} 17. h5 {[%emt 0:00:02]} g5 {[%emt 0:00:20]} 18. Rad1 {[%emt 0:02:12]} Nf4 {[%emt 0:01:20]} 19. Qc3 {[%emt 0:02:44]} Nd5 {[%emt 0:00:07]} 20. Qa3 {[%emt 0:00:15]} Bg4 {[%emt 0:00:14]} 21. d4 {[%emt 0:00:10]} c4 {[%emt 0:00:16]} 22. Ng3 {[%emt 0:01:16]} Qd7 {[%emt 0:01:55]} 23. h6+ {[%emt 0:00:02]} Kg8 {[%emt 0:00:03]} 24. Re4 {[%emt 0:00:46]} c3 {[%emt 0:00:17]} 25. Rd3 {[%emt 0:03:13]} Bf5 {[%emt 0:02:54]} 26. Nxf5 Qxf5 {[%emt 0:00:01]} 27. Re1 {[%emt 0:01:30]} cxb2 {[%emt 0:04:41]} 28. Qxb2 {[%emt 0:00:01]} b5 {[%emt 0:00:08]} 29. a4 {[%emt 0:01:38]} b4 {[%emt 0:02:57]} 30. Qb3 {[%emt 0:00:03]} Kf7 {[%emt 0:00:10]} 31. Ne5+ fxe5 {[%emt 0:00:51]} 32. Rf3 {[%emt 0:00:19]} Kg6 {[%emt 0:00:13]} 33. Rxf5 {[%emt 0:00:03]} Rxf5 {[%emt 0:00:00]} 34. Rxe5 {[%emt 0:00:14]} Rxe5 {[%emt 0:00:21]} 35. dxe5 {[%emt 0:00:01]} Re7 {[%emt 0:00:03]} 36. Qd3+ {[%emt 0:00:12]} Kxh6 {[%emt 0:00:05]} 37. Qf5 {[%emt 0:00:02]} Kh5 {[%emt 0:00:32]} 38. g3 {[%emt 0:00:10]} Rc7 {[%emt 0:00:16]} 39. f4 {[%emt 0:00:08]} Rg7 {[%emt 0:00:13]} 40. Qh3+ {[%emt 0:00:07]} Kg6 {[%emt 0:00:00]} 41. Qe6+ {[%emt 0:00:09]} Kh5 {[%emt 0:00:01]} 42. g4+ {[%emt 0:00:03]} 1-0

[Event "Kupreichik Memorial Rapid 2019"]
[Site "Minsk"]
[Date "2019.08.17"]
[Round "10.6"]
[White "Meshkov, Yuri A."]
[Black "Teterev, Vitaly"]
[Result "0-1"]
[WhiteElo "2336"]
[BlackElo "2474"]
[Annotator "ChessBase"]
[PlyCount "100"]
[EventDate "2019.08.15"]
[EventType "swiss"]
[EventCountry "BLR"]
[SourceTitle "playchess.com"]
[Source "ChessBase"]
[SourceQuality "1"]
[TimeControl "900+10"]

1. d4 {[%emt 0:00:00]} Nf6 {[%emt 0:00:00]} 2. Bf4 {[%emt 0:00:00]} c5 {[%emt 0:00:00]} 3. e3 {[%emt 0:00:00]} d6 {[%emt 0:01:18]} 4. c3 {[%emt 0:00:13]} Nbd7 {[%emt 0:00:17]} 5. Nf3 {[%emt 0:00:28]} Nh5 {[%emt 0:00:52]} 6. Bg5 {[%emt 0:00:03]} h6 {[%emt 0:00:01]} 7. Bh4 {[%emt 0:00:01]} g5 {[%emt 0:00:04]} 8. Nfd2 {[%emt 0:00:01]} Ng7 {[%emt 0:00:15]} 9. Bg3 {[%emt 0:00:01]} Nf5 {[%emt 0:00:01]} 10. Bd3 {[%emt 0:00:01]} Nxg3 11. hxg3 {[%emt 0:00:01]} Bg7 {[%emt 0:00:16]} 12. g4 {[%emt 0:00:08]} Nf6 {[%emt 0:00:07]} 13. Be2 {[%emt 0:00:01]} Qd7 {[%emt 0:00:11]} 14. f3 {[%emt 0:00:09]} Nd5 {[%emt 0:00:45]} 15. Qb3 {[%emt 0:00:01]} Nc7 {[%emt 0:01:13]} 16. dxc5 {[%emt 0:00:12]} dxc5 {[%emt 0:00:02]} 17. Bc4 {[%emt 0:00:10]} O-O {[%emt 0:00:08]} 18. a4 {[%emt 0:00:05]} b6 {[%emt 0:00:32]} 19. Ne4 {[%emt 0:00:07]} Rb8 {[%emt 0:01:09]} 20. Nbd2 {[%emt 0:00:04]} a6 {[%emt 0:00:03]} 21. Nxc5 {[%emt 0:00:17]} Qc6 {[%emt 0:00:11]} 22. Nce4 {[%emt 0:00:02]} b5 {[%emt 0:00:04]} 23. axb5 {[%emt 0:00:01]} axb5 {[%emt 0:00:07]} 24. Be2 {[%emt 0:01:15]} Nd5 {[%emt 0:00:52]} 25. Nf1 {[%emt 0:00:09]} Be6 {[%emt 0:00:45]} 26. Qc2 {[%emt 0:00:52]} Rfc8 {[%emt 0:00:29]} 27. Qd2 {[%emt 0:03:42]} Rd8 {[%emt 0:00:44]} 28. Rd1 {[%emt 0:00:03]} Qb6 {[%emt 0:00:01]} 29. Qc1 {[%emt 0:00:07]} Rdc8 {[%emt 0:01:06]} 30. Qd2 {[%emt 0:00:10]} Ra8 {[%emt 0:00:22]} 31. Qd3 {[%emt 0:00:53]} Nc7 {[%emt 0:02:38]} 32. Rd2 {[%emt 0:01:34]} Ra1+ {[%emt 0:00:53]} 33. Kf2 {[%emt 0:00:20]} Raa8 {[%emt 0:01:55]} 34. Neg3 {[%emt 0:02:57]} b4 {[%emt 0:00:49]} 35. c4 {[%emt 0:00:23]} Na6 {[%emt 0:00:07]} 36. Nf5 {[%emt 0:00:17]} Nc5 {[%emt 0:00:34]} 37. Qb1 {[%emt 0:00:21]} Bxf5 {[%emt 0:00:19]} 38. gxf5 {[%emt 0:00:32]} Nb3 {[%emt 0:00:16]} 39. Rd5 {[%emt 0:00:21]} Qf6 {[%emt 0:00:44]} 40. Bd1 {[%emt 0:01:56]} Ra1 {[%emt 0:00:37]} 41. Qc2 {[%emt 0:00:18]} Nc1 {[%emt 0:00:30]} 42. Rd4 {[%emt 0:00:57]} b3 {[%emt 0:00:18]} 43. Qd2 {[%emt 0:00:02]} Qb6 {[%emt 0:00:04]} 44. c5 {[%emt 0:00:32]} Qa5 {[%emt 0:00:20]} 45. Qxa5 {[%emt 0:00:21]} Rxa5 {[%emt 0:00:01]} 46. Rd7 {[%emt 0:00:09]} Bxb2 {[%emt 0:00:18]} 47. Rxh6 {[%emt 0:00:01]} Bf6 {[%emt 0:00:08]} 48. Rb7 {[%emt 0:00:06]} b2 {[%emt 0:00:02]} 49. Rxf6 {[%emt 0:00:03]} exf6 {[%emt 0:00:01]} 50. Rxb2 Nd3+ 0-1